Learning Resource and Development

A companion to American thought / (Record no. 23965)

MARC details
000 -LEADER
fixed length control field 02107cam a2200469 a 4500
001 - CONTROL NUMBER
control field companiontoameri00foxrrich
003 - CONTROL NUMBER IDENTIFIER
control field CaSfIA
005 - DATE AND TIME OF LATEST TRANSACTION
control field 20230525155233.0
007 - PHYSICAL DESCRIPTION FIXED FIELD--GENERAL INFORMATION
fixed length control field cr||||
008 - FIXED-LENGTH DATA ELEMENTS--GENERAL INFORMATION
fixed length control field 940519s1995 enk bd 001 0deng
010 ## - LIBRARY OF CONGRESS CONTROL NUMBER
LC control number 94013002
040 ## - CATALOGING SOURCE
Original cataloging agency DLC
Transcribing agency DLC
Modifying agency UKM
-- OCLCQ
-- NLGGC
-- BTCTA
-- LVB
-- YDXCP
-- BAKER
-- OCLCG
-- SGB
-- CaSfIA
015 ## - NATIONAL BIBLIOGRAPHY NUMBER
National bibliography number GB97-22550
019 ## -
-- 36727830
020 ## - INTERNATIONAL STANDARD BOOK NUMBER
International Standard Book Number 1557862680 (acid-free paper)
020 ## - INTERNATIONAL STANDARD BOOK NUMBER
International Standard Book Number 9781557862686 (acid-free paper)
035 ## - SYSTEM CONTROL NUMBER
System control number (OCoLC)30593316
Canceled/invalid control number (OCoLC)36727830
043 ## - GEOGRAPHIC AREA CODE
Geographic area code n-us---
050 00 - LIBRARY OF CONGRESS CALL NUMBER
Classification number E169.1
Item number .C685 1995
082 00 - DEWEY DECIMAL CLASSIFICATION NUMBER
Classification number 001.1/0973
Edition number 20
084 ## - OTHER CLASSIFICATION NUMBER
Classification number 02.01
Number source bcl
029 1# - OTHER SYSTEM CONTROL NUMBER (OCLC)
OCLC library identifier UKM
System control number b9722550
029 1# - OTHER SYSTEM CONTROL NUMBER (OCLC)
OCLC library identifier NLGGC
System control number 119859475
029 1# - OTHER SYSTEM CONTROL NUMBER (OCLC)
OCLC library identifier YDXCP
System control number 1176777
029 1# - OTHER SYSTEM CONTROL NUMBER (OCLC)
OCLC library identifier NZ1
System control number 2325929
029 1# - OTHER SYSTEM CONTROL NUMBER (OCLC)
OCLC library identifier NZ1
System control number 4583575
029 1# - OTHER SYSTEM CONTROL NUMBER (OCLC)
OCLC library identifier AU@
System control number 000010985760
245 02 - TITLE STATEMENT
Title A companion to American thought /
Medium [electronic resource]
Statement of responsibility, etc. edited by Richard Wightman Fox and James T. Kloppenberg.
260 ## - PUBLICATION, DISTRIBUTION, ETC.
Place of publication, distribution, etc. Oxford, U.K. ;
-- Cambridge, Mass. :
Name of publisher, distributor, etc. Blackwell Publishers,
Date of publication, distribution, etc. 1995.
300 ## - PHYSICAL DESCRIPTION
Extent xv, 804 p. ;
Dimensions 26 cm.
490 0# - SERIES STATEMENT
Series statement Blackwell reference
504 ## - BIBLIOGRAPHY, ETC. NOTE
Bibliography, etc. note Includes bibliographical references and index.
520 ## - SUMMARY, ETC.
Summary, etc. This book assesses the whole sweep of American thought from the colonial era to the present day. Some two hundred and fifty scholars - from history, literature, religion, philosophy, political theory, and the social sciences - have written original essays on pivotal topics and figures in the history of American intellectual endeavor and achievement. --from publisher description
651 #0 - SUBJECT ADDED ENTRY--GEOGRAPHIC NAME
Geographic name United States
General subdivision Intellectual life
Form subdivision Dictionaries.
650 17 - SUBJECT ADDED ENTRY--TOPICAL TERM
Topical term or geographic name entry element Geesteswetenschappen.
Source of heading or term gtt
650 17 - SUBJECT ADDED ENTRY--TOPICAL TERM
Topical term or geographic name entry element Sociale wetenschappen.
Source of heading or term gtt
651 #6 - SUBJECT ADDED ENTRY--GEOGRAPHIC NAME
Geographic name États-Unis
General subdivision Vie intellectuelle
Form subdivision Dictionnaires anglais.
700 1# - ADDED ENTRY--PERSONAL NAME
Personal name Fox, Richard Wightman,
Dates associated with a name 1945-
700 1# - ADDED ENTRY--PERSONAL NAME
Personal name Kloppenberg, James T.
856 41 - ELECTRONIC LOCATION AND ACCESS
Uniform Resource Identifier <a href="http://www.archive.org/details/companiontoameri00foxrrich">http://www.archive.org/details/companiontoameri00foxrrich</a>
Public note Free eBook from the Internet Archive
856 42 - ELECTRONIC LOCATION AND ACCESS
Uniform Resource Identifier <a href="http://www.openlibrary.org/books/OL1088939M">http://www.openlibrary.org/books/OL1088939M</a>
Public note Additional information and access via Open Library
Holdings
Withdrawn status Lost status Damaged status Not for loan Collection Home library Current library Date acquired Total Checkouts Full call number Date last seen Price effective from Koha item type
        Project Gutenberg Main Library Main Library 05/25/2023   E169.1 .C685 1995 05/25/2023 05/25/2023 EBooks